Element Symbols - Sudden Death - Statistics

General Stats
  • This quiz has been taken 291 times
  • The average score is 6 of 20
Answers on the Grid
Answers color-coded by a green-red scale on the quiz's grid according to % correct below.
Ad
Bz
Cf
D
Dr
E
Er
Fl
He
Hn
It
Kp
Kr
Lm
Lu
Mn
Nc
No
Nv
Og
Pa
Pe
Pi
Po
Pu
Ro
Sc
Sl
Sm
Sn
Th
Ur
V
Vb
W
Wf
Xe
Yb
Yt
Zc
 
Answer Stats
Answer % Correct
He
64%
Kr
52%
Mn
49%
Xe
42%
Sn
41%
Fl
40%
Po
38%
Cf
33%
Og
31%
W
31%
Sc
29%
Er
28%
V
27%
Lu
25%
Th
24%
Yb
22%
No
20%
Pu
18%
Pa
17%
Sm
15%
No matching quizzes found
Score Distribution
Percent of People with Each Score
Percentile by Number Answered
Your Score History
You have not taken this quiz